Mycenae; A narrative of researches and discoveries at Mycenae and Tiryns. By Dr. Henry Schliemann. The preface by the Right Hon. W. E. Gladstone, M.P. Plans, views, and cuts
Đã lưu trong:
| Tác giả chính: | |
|---|---|
| Định dạng: | Sách |
| Ngôn ngữ: | Tiếng Anh Tiếng Hy Lạp |
| Được phát hành: |
Londres
John Murray, Albemarle street
1878
|
| Phiên bản: | 1a. ed |
| Những chủ đề: | |
| Các nhãn: |
Thêm thẻ
Không có thẻ, Là người đầu tiên thẻ bản ghi này!
|
MARC
| LEADER | 00000nam a2200000 a 4500 | ||
|---|---|---|---|
| 001 | UCJ4575 | ||
| 003 | CL-VaPUC | ||
| 008 | 070124e18780000UK |||||||||||||||||eng|d | ||
| 041 | 0 | 7 | |a eng |2 CL-VaPUC |
| 041 | 0 | 7 | |a gre |2 CL-VaPUC |
| 082 | 0 | 4 | |a 901 |b SCH |2 21 |
| 100 | 0 | |a Schliemann, Henry |e author |9 508569 | |
| 245 | 1 | 0 | |a Mycenae; A narrative of researches and discoveries at Mycenae and Tiryns. By Dr. Henry Schliemann. The preface by the Right Hon. W. E. Gladstone, M.P. Plans, views, and cuts |
| 250 | |a 1a. ed | ||
| 300 | |a lxviii, 384 p | ||
| 942 | |c BK | ||
| 945 | |d 20070124 00:00:00 |a rinostro | ||
| 260 | |a Londres |b John Murray, Albemarle street |c 1878 | ||
| 500 | |a 8§, tela, plancha dorada.- Front.: Parte de las ruinas encontradas (grabado).- Port.- v.: citas griegas de Homero, Esquilo y Sófocles.- Dedicatoria al Emperador del Brasil Don Pedro II.- Mapas, planos, ilustraciones, láminas fuera de texto, todo conforme con lo señalado en índice. Se ubica junto a colección Asia Menor-Oriente Medio | ||
| 600 | 0 | 7 | |a GLADSTONE, W. E |2 CL-VaPUC |9 508570 |
| 600 | 0 | |a Homero |e autor |9 265577 | |
| 600 | 0 | 7 | |a DIODORO SICULUS |2 CL-VaPUC |9 508571 |
| 600 | 0 | 7 | |a AGAMENON |2 CL-VaPUC |9 427309 |
| 650 | 0 | |a Arqueología |9 265619 | |
| 650 | 0 | |a Mitología griega |9 265313 | |
| 650 | 7 | |a LITERATURA GRIEGA |2 CL-VaPUC |9 258054 | |
| 650 | 0 | |a Tragedia griega |9 265362 | |
| 650 | 0 | |a Alfarería |9 341805 | |
| 650 | 0 | |a Historiografía |9 257871 | |
| 650 | 0 | |a Ilustraciones |9 369481 | |
| 650 | 7 | |a PLANOS |2 CL-VaPUC |9 260106 | |
| 650 | 0 | |a Mapas |9 260844 | |
| 651 | 7 | |a MICENAS |2 CL-VaPUC |9 440436 | |
| 651 | 7 | |a TIRINTO |2 CL-VaPUC |9 508572 | |
| 583 | |a last modification |c 20070124 00:00:00 |k Rodrigo Vera | ||
| 999 | |c 320691 |d 320689 | ||
| 952 | |0 0 |1 0 |4 0 |6 901_000000000000000_SCH_1878 |7 0 |8 X |9 399259 |a FDOBUD |b FDOBUD |d 2019-11-22 |i 1054260 |o 901 SCH 1878 |p 1054260 |r 2019-11-22 |w 2019-11-22 |y BK_X |k BUD | ||